The New materials society : challenges and opportunities

Guardado en:
Detalles Bibliográficos
Formato: Libro
Lenguaje:Undetermined
Publicado: Washington, D.C. U.S. Dept. of the Interior, Bureau of Mines,For sale by the Supt. of Docs., U.S. G.P.O. 1990
Materias:
Etiquetas: Agregar Etiqueta
Sin Etiquetas, Sea el primero en etiquetar este registro!
Thư viện lưu trữ: Trung tâm Học liệu Trường Đại học Cần Thơ
LEADER 00577nam a2200181Ia 4500
001 CTU_98897
008 210402s9999 xx 000 0 und d
082 |a 620.11 
082 |b N532 
245 4 |a The New materials society : 
245 0 |b challenges and opportunities 
260 |a Washington, D.C. 
260 |b U.S. Dept. of the Interior, Bureau of Mines,For sale by the Supt. of Docs., U.S. G.P.O. 
260 |c 1990 
650 |a Materials,Marketing. 
650 |x Technological innovations. 
904 |i Năm 
980 |a Trung tâm Học liệu Trường Đại học Cần Thơ